|
|
|
|
| LEADER |
01520nam a2200397 a 4500 |
| 001 |
000802822 |
| 003 |
CZ BrMZK |
| 005 |
20120518140217.0 |
| 007 |
ta |
| 008 |
051221s2004 xo a fr 000 0 slo |
| 020 |
|
|
|a 80-8073-213-2
|q (váz.)
|
| 040 |
|
|
|a BOA001
|b cze
|
| 072 |
|
7 |
|a 621
|x Strojírenství
|2 Konspekt
|9 19
|
| 080 |
|
|
|a 621:004.896
|2 MRF
|
| 080 |
|
|
|a 621.643.2/.4
|2 MRF
|
| 080 |
|
|
|a (048.8)
|2 MRF
|
| 100 |
1 |
|
|a Gmiterko, Alexander,
|d 1950-
|7 mzk2005317812
|4 aut
|
| 245 |
1 |
0 |
|a Miniatúrne potrubné stroje /
|c Alexander Gmiterko, Michal Kelemen
|
| 250 |
|
|
|a Vyd. 1.
|
| 260 |
|
|
|a Košice :
|b Emilena,
|c 2004
|
| 300 |
|
|
|a 128 s. :
|b il. ;
|c 25 cm
|
| 490 |
1 |
|
|a Edícia vedeckej a odbornej literatúry
|
| 500 |
|
|
|a Nad názvem: Technická univerzita v Košiciach, Strojnícka fakulta
|
| 500 |
|
|
|a 50 výt.
|
| 504 |
|
|
|a Obsahuje bibliografii
|
| 541 |
|
|
|a Bratislava, Centrum vedecko-technických informácií SR
|
| 650 |
0 |
7 |
|a mechatronika
|7 ph122728
|2 czenas
|
| 650 |
0 |
7 |
|a potrubí
|7 ph124433
|2 czenas
|
| 655 |
|
7 |
|a monografie
|7 fd132842
|2 czenas
|
| 700 |
1 |
|
|a Kelemen, Michal,
|d 1974-
|7 mzk2005289787
|4 aut
|
| 710 |
2 |
|
|a Technická univerzita (Košice, Slovensko).
|b Strojnícka fakulta
|7 mzk2003180346
|
| 810 |
2 |
|
|a Technická univerzita (Košice, Slovensko).
|b Strojnícka fakulta.
|t Edícia vedeckej a odbornej literatúry
|
| 910 |
2 |
|
|a BOA001
|b 2-1162.012
|
| 990 |
|
|
|a BK
|
| 991 |
|
|
|b 200601
|c NOV
|
| 996 |
7 |
|
|b 2610268387
|c 2-1162.012
|l MZK
|r Sklad / do 1 hodiny
|n 3
|p vým.
|w 000802822
|u 000010
|a 1
|e BOA001
|j MZK50
|s A
|